000 00344nam a22001097a 4500
040 _cHS
082 _a333
100 _aវន មុនិន្ធ
245 _aការវាយតំលៃផលប៉ះពាល់បរិស្ថាន (Environmental impact assessment)
260 _aRUA
_bវន មុនិន្ទ
_c2009
942 _cKB
999 _c8547
_d8547